Implementation of FEM analysis into rapid prototyping technology to achieve high-strength components

Guardado en:
Detalles Bibliográficos
Autor principal: Srinivasan, Shishir Ganesh (Autor)
Otros Autores: Matúš, Miloš (Orientador)
Formato: Manuscrito Libro
Lenguaje:eslovaco
inglés
Publicado: 2021
Materias:
Acceso en línea:http://is.stuba.sk/zp/portal_zp.pl?podrobnosti=159268
Etiquetas: Agregar Etiqueta
Sin Etiquetas, Sea el primero en etiquetar este registro!

MARC

LEADER 00000ntm a22000003a 4500
001 stuzp85792
003 SK-STU
005 20210612214002.2
007 ta
008 150427s2015----xo-----f-mn---000-0-slo-d
040 |a STU  |b slo 
041 0 |a eng 
100 1 |a Srinivasan, Shishir Ganesh  |u 020070  |4 aut  |U SjF Strojnícka fakulta  |T SjF Ústav výrobných systémov, enviromentálnej techniky a manažment kvality  |X 105675  |U J0070  |Y 804  |7 105675 
242 0 1 |a Implementácia analýzy FEM do technológie rýchleho prototypovania na dosiahnutie vysoko pevných komponentov  |y slo 
245 1 0 |a Implementation of FEM analysis into rapid prototyping technology to achieve high-strength components 
260 |c 2021 
650 4 |a 3D tlač  |2 slo 
650 4 |a FDM  |2 slo 
650 4 |a metóda konečných prvkov (FEM)  |2 slo 
650 4 |a Finite Element Method (FEM)  |2 eng 
650 4 |a FDM  |2 eng 
650 4 |a 3D printing  |2 eng 
700 1 |a Matúš, Miloš  |u 020070  |k Z1  |4 ths  |U SjF Strojnícka fakulta  |T SjF Ústav výrobných systémov, enviromentálnej techniky a manažment kvality  |X 21762  |U J0070  |Y 804  |7 21762 
856 4 |u http://is.stuba.sk/zp/portal_zp.pl?podrobnosti=159268